[Event "2011 SC Site Championship, Pre Round, Round 1"]
[Site "SchemingMind.com"]
[Date "2010.11.06"]
[Round "1"]
[White "Arthur Wilding"]
[Black "Quaff"]
[Result "0-1"]
[WhiteCountry "WLS"]
[BlackCountry "ENG"]
[WhiteElo "1310"]
[WhiteRD "74"]
[BlackElo "1638"]
[BlackRD "92"]
[GameID "265973"]

1. d4 d5 2. Nf3 h6 3. e3 Nf6 4. Bb5+ c6 5. Bd3 Bg4 6. h3 Bxf3 7. gxf3 e6 8. O-O Bd6 9. Nc3 Nbd7 10. Ne2 Nh5
11. b3 f5 12. a4 Qh4 13. Kg2 g5 14. Ng1 f4 15. Kh1 O-O-O 16. Bg6 Nhf6 17. exf4 gxf4 18. Bf7 Qg5 19. Bxe6 Rhg8 20. Bg4 h5
21. a5 hxg4 22. fxg4 Nxg4 23. Qxg4 Qxg4 24. hxg4 Rxg4 25. Nf3 Rh8+ 26. Nh2 f3
0-1

[Event "2011 SC Site Championship, Pre Round, Round 1"]
[Site "SchemingMind.com"]
[Date "2010.11.07"]
[Round "1"]
[White "krysto"]
[Black "Zeidan"]
[Result "0-1"]
[WhiteCountry "MEX"]
[BlackCountry "LBN"]
[WhiteElo "1779"]
[WhiteRD "107"]
[BlackElo "2156"]
[BlackRD "68"]
[GameID "265974"]

1. e4 d6 2. d4 g6 3. Nc3 Bg7 4. Nf3 Nf6 5. Bc4 O-O 6. O-O Bg4 7. h3 Bxf3 8. Qxf3 Nc6 9. Be3 e5 10. d5 Nd4
11. Qd1 Re8 12. f3 c5 13. dxc6 bxc6 14. Bxd4 exd4 15. Qxd4 d5 16. Bb3 Nxe4 17. Qa4 Qb6+ 18. Kh1 Ng3+ 19. Kh2 Nxf1+ 20. Rxf1 Re7
0-1

[Event "2011 SC Site Championship, Pre Round, Round 1"]
[Site "SchemingMind.com"]
[Date "2010.11.11"]
[Round "1"]
[White "kynoceros"]
[Black "startstek"]
[Result "0-1"]
[WhiteCountry "USA"]
[BlackCountry "ALG"]
[WhiteElo "1550"]
[WhiteRD "79"]
[BlackElo "1977"]
[BlackRD "90"]
[GameID "265975"]

1. e4 c5 2. Nf3 d6 3. d4 cxd4 4. Nxd4 Nf6 5. Nc3 a6 6. Be3 e6 7. g4 h6 8. f4 e5 9. Nf5 Nc6 10. a3 g6
11. Ng3 Nxg4 12. h3 Nxe3 13. Qe2 Nd4
0-1

[Event "2011 SC Site Championship, Pre Round, Round 1"]
[Site "SchemingMind.com"]
[Date "2010.11.06"]
[Round "1"]
[White "lemme howdt"]
[Black "Clive Everill"]
[Result "0-1"]
[WhiteCountry "USA"]
[BlackCountry "CZE"]
[WhiteElo "1623"]
[WhiteRD "75"]
[BlackElo "1707"]
[BlackRD "50"]
[GameID "265976"]

1. e4 Nc6 2. Nf3 f5 3. exf5 d5 4. g4 e6 5. Qe2 Qf6 6. Nc3 Nge7 7. fxe6 Bxe6 8. h3 O-O-O 9. Bg2 Ng6 10. O-O Nf4
11. Qb5 a6 12. Nxd5 Rxd5 13. Qa4 Nxg2 14. Kxg2 Ra5 15. Qe4 Bd5 16. Qf5+ Qxf5 17. gxf5 Bxf3+ 18. Kxf3 Rxf5+ 19. Ke4 Re5+ 20. Kd3 Bd6
21. b3 Rh5 22. Rh1 Rd8 23. Ke4 Re8+ 24. Kf3 Nd4+ 25. Kg4 g6 26. Bb2 Re4+ 27. f4 Rxf4+ 28. Kg3 Nf5+ 29. Kg2 Rg5+
0-1

[Event "2011 SC Site Championship, Pre Round, Round 1"]
[Site "SchemingMind.com"]
[Date "2010.11.08"]
[Round "1"]
[White "Louis Lima"]
[Black "loco61"]
[Result "1-0"]
[WhiteCountry "ESP"]
[BlackCountry "ENG"]
[WhiteElo "2067"]
[WhiteRD "81"]
[BlackElo "1573"]
[BlackRD "64"]
[GameID "265978"]

1. e4 e5 2. Nf3 Nc6 3. Bb5 d6 4. d4 Bd7 5. Nc3 a6 6. Bxc6 Bxc6 7. dxe5 dxe5 8. Qxd8+ Rxd8 9. Nxe5 Bd7 10. Be3 Be6
11. O-O Bd6 12. Nd3 c6 13. Bb6 Rd7 14. e5 Be7 15. Rad1 f5 16. Nf4 Bc4 17. Rxd7 Kxd7 18. Rd1+ Ke8 19. Rd4 Bf7 20. e6 Bg6
21. Rd7 Nf6 22. Rxb7 Kf8 23. Nxg6+ hxg6 24. Rb8+ Ne8 25. g3 g5 26. Rc8 g6 27. Rxc6 Kg7 28. Nd5 Bd6 29. Bd4+ Kh6 30. Bxh8
1-0

[Event "2011 SC Site Championship, Pre Round, Round 1"]
[Site "SchemingMind.com"]
[Date "2010.11.11"]
[Round "1"]
[White "Clive Everill"]
[Black "palaciorep"]
[Result "0-1"]
[WhiteCountry "CZE"]
[BlackCountry "ARG"]
[WhiteElo "1684"]
[WhiteRD "49"]
[BlackElo "1691"]
[BlackRD "93"]
[GameID "265979"]

1. e4 e5 2. Nc3 Nf6 3. f4 exf4 4. e5 Ng8 5. Nf3 Nc6 6. d4 Bb4 7. Bxf4 h6 8. Bc4 Nge7 9. O-O Bxc3 10. bxc3 Ng6
11. Bg3 O-O 12. Qb1 Nce7 13. Qb3 d5 14. exd6 cxd6 15. Nh4 a6 16. Bxf7+ Kh7 17. Nxg6 Nxg6 18. Bxg6+ Kxg6 19. Rxf8 Qxf8 20. Rf1 Qe7
21. Qg8 b6 22. Qd5 Qe3+ 23. Kh1 Ra7 24. Qxd6+ Qe6 25. Qa3 a5 26. Re1 Qc6 27. Qb3 b5 28. Rf1 Be6 29. Qb2 Bc4 30. Re1 Rf7
31. h4 Kh7 32. Qb1 Qg6 33. Kh2 a4 34. a3 Rf5 35. Re5 Rf1 36. Qb4 Qxc2 37. h5 Qd1 38. Bh4 Rh1+ 39. Kg3 Qd3+ 40. Kg4 Qd1+
41. Kg3 Be2 42. Rxe2 Qxe2 43. d5 Qe1+ 44. Kf3 Rxh4 45. Qxb5 Qe4+ 46. Kf2 Rf4+ 47. Kg1 Qe1+ 48. Kh2 Rh4#
0-1

[Event "2011 SC Site Championship, Pre Round, Round 1"]
[Site "SchemingMind.com"]
[Date "2010.11.06"]
[Round "1"]
[White "madrugada"]
[Black "Alessandro Dotti Contra"]
[Result "1-0"]
[WhiteCountry "BEL"]
[BlackCountry "ITA"]
[WhiteElo "1866"]
[WhiteRD "92"]
[BlackElo "1442"]
[BlackRD "93"]
[GameID "265980"]

1. e4 e5 2. f4 Nc6 3. Nf3 exf4 4. Bc4 Nge7 5. Nc3 a6 6. a3 d6 7. d4 Bg4 8. Bxf7+ Kxf7 9. Ng5+ Ke8 10. Qxg4 Ng6
11. Ne2 Qd7 12. Qh5 Qe7 13. Nxf4 h6 14. Nxg6 Qf6 15. Bf4 Nxd4 16. O-O Kd7 17. Nxh8 Ne2+ 18. Qxe2 Qxb2 19. Qg4+ Kc6 20. Rfb1 Qd4+
21. Kh1 Be7 22. Ne6 Qxe4 23. Re1 Qc4 24. Qxg7 Kd7 25. Nxc7 Qxc7 26. Qxe7+ Kc6 27. Qe4+ Kd7 28. Rad1 Rxh8 29. Bxd6
1-0

[Event "2011 SC Site Championship, Pre Round, Round 1"]
[Site "SchemingMind.com"]
[Date "2010.11.10"]
[Round "1"]
[White "Marcel51"]
[Black "reptile"]
[Result "1-0"]
[WhiteCountry "FRA"]
[BlackCountry "ISR"]
[WhiteElo "2093"]
[WhiteRD "84"]
[BlackElo "2019"]
[BlackRD "81"]
[GameID "265981"]

1. e4 e5 2. Nf3 Nf6 3. d4 Nxe4 4. Bd3 d5 5. Nxe5 Nd7 6. Nxd7 Bxd7 7. O-O Bd6 8. c4 c6 9. Nc3 O-O 10. Nxe4 dxe4
11. Bxe4 Re8 12. Bd3 Qc7 13. g3 Rad8 14. c5 Be7 15. Bf4 Qc8 16. Re1 Bf6 17. Qc2 Bxd4 18. Bxh7+ Kh8 19. Be4 Bh3 20. a4 Qe6
21. Bd2 Qg4 22. Ba5 Rc8 23. Rad1 Bxc5 24. Bc3 Bb6 25. a5 Bc7 26. Bg2 Qh5 27. Rxe8+ Rxe8 28. Bxh3 Qxh3 29. Rd4 Bd8 30. Qd2
1-0

[Event "2011 SC Site Championship, Pre Round, Round 1"]
[Site "SchemingMind.com"]
[Date "2010.11.12"]
[Round "1"]
[White "MARISCAL"]
[Black "Mitchell-in"]
[Result "1-0"]
[WhiteCountry "ESP"]
[BlackCountry "ENG"]
[WhiteElo "2217"]
[WhiteRD "80"]
[BlackElo "1876"]
[BlackRD "74"]
[GameID "265982"]

1. e4 e5 2. Nf3 Nc6 3. Bb5 f5 4. Nc3 fxe4 5. Nxe4 Nf6 6. Nxf6+ Qxf6 7. Qe2 Be7 8. Bxc6 dxc6 9. Qxe5 Bg4 10. Qxf6 Bxf6
11. d3 O-O-O 12. Rb1 Bxf3 13. gxf3 Rhf8 14. Be3 Be5 15. Ke2 Rf7 16. Rhg1 Rdf8 17. d4 Bxh2 18. Rh1 Bf4 19. Rxh7 Bxe3 20. fxe3 Rxf3
21. Rg1 Rf2+ 22. Kd3 R2f7 23. Rgxg7 Rxg7 24. Rxg7 b6 25. Rg2 Kd7 26. b3 Rf7 27. e4 Rf3+ 28. Kd2 Rh3 29. a4 a5 30. Rg7+ Kd8
31. e5 b5 32. Rg8+ Kd7 33. axb5 cxb5 34. Ra8 Rh2+ 35. Kd3 Rh3+ 36. Ke4 Rc3 37. Rxa5 Rxc2 38. Rxb5 c6 39. Rb7+ Ke6 40. Rc7 Rc3
41. Rxc6+ Rxc6 42. d5+ Kd7 43. dxc6+
1-0

[Event "2011 SC Site Championship, Pre Round, Round 1"]
[Site "SchemingMind.com"]
[Date "2010.11.08"]
[Round "1"]
[White "Mark_Noble"]
[Black "Girkassa"]
[Result "1/2-1/2"]
[WhiteCountry "NZL"]
[BlackCountry "NOR"]
[WhiteElo "2147"]
[WhiteRD "106"]
[BlackElo "2104"]
[BlackRD "81"]
[GameID "265983"]

1. e4 e5 2. Nf3 Nc6 3. Bc4 Nf6 4. d3 Be7 5. O-O O-O 6. Re1 d6 7. a4 Na5 8. Ba2 c5 9. Bg5 Nc6 10. h3 Be6
11. Bxe6 fxe6 12. Na3 Qe8 13. Nc4 Rd8 14. a5=
1/2-1/2

[Event "2011 SC Site Championship, Pre Round, Round 1"]
[Site "SchemingMind.com"]
[Date "2010.11.07"]
[Round "1"]
[White "maro"]
[Black "Danzino"]
[Result "0-1"]
[WhiteCountry "MEX"]
[BlackCountry "GBR"]
[WhiteElo "1353"]
[WhiteRD "52"]
[BlackElo "2020"]
[BlackRD "113"]
[GameID "265984"]

1. d4 Nf6 2. d5 e6 3. dxe6 fxe6 4. Nf3 d5 5. Ne5 Bd6 6. Qd4 c5 7. Qf4 O-O 8. Qg3 Ne4 9. Qh3 Bxe5 10. Be3 Bxb2
11. f3 Qa5+ 12. c3 Nxc3 13. Nxc3 Qxc3+ 14. Bd2 Qf6 15. Rb1 Bc3 16. Bxc3 Qxc3+ 17. Kf2 Nc6 18. Rb3 Qd2 19. Rd3 Qxa2 20. g3 d4
21. Bg2 c4 22. Rdd1 d3 23. Rhe1 d2 24. Ra1 dxe1=Q+ 25. Rxe1 c3 26. Rc1 Qb2
0-1

[Event "2011 SC Site Championship, Pre Round, Round 1"]
[Site "SchemingMind.com"]
[Date "2010.11.11"]
[Round "1"]
[White "Mel"]
[Black "krysto"]
[Result "1-0"]
[WhiteCountry "USA"]
[BlackCountry "MEX"]
[WhiteElo "1667"]
[WhiteRD "114"]
[BlackElo "1762"]
[BlackRD "100"]
[GameID "265986"]

1. e4 c5 2. Nf3 Nc6 3. d4 cxd4 4. Nxd4 e6 5. Nb5 Qa5+ 6. c3 a6 7. Nd4 e5 8. Nxc6 bxc6 9. Bc4 Nf6 10. O-O d5
11. b4 Qd8 12. exd5 cxd5 13. Be2 Bb7 14. Be3 Be7 15. Nd2 d4 16. cxd4 exd4 17. Bf4 Bxb4 18. Nc4 Bc3 19. Rb1 Be4 20. Nd6+ Ke7
21. Bc4 Qc7 22. Nf5+
1-0

[Event "2011 SC Site Championship, Pre Round, Round 1"]
[Site "SchemingMind.com"]
[Date "2010.11.12"]
[Round "1"]
[White "memet"]
[Black "MARISCAL"]
[Result "0-1"]
[WhiteCountry "TUR"]
[BlackCountry "ESP"]
[WhiteElo "1610"]
[WhiteRD "75"]
[BlackElo "2217"]
[BlackRD "80"]
[GameID "265987"]

1. e4 e6 2. d4 d5 3. Nc3 Nf6 4. Bg5 dxe4 5. Bxf6 Qxf6 6. Nxe4 Qd8 7. Nf3 Be7 8. Bb5+ Nd7 9. O-O O-O 10. c4 Nb6
11. c5 Nd5 12. Re1 a6 13. Be2 b6 14. Rc1 Nf4 15. Ne5 Nxe2+ 16. Qxe2 Qxd4 17. Nf3 Qa4 18. b3 Qb5 19. Qxb5 axb5 20. cxb6 cxb6
21. Rc7 Bb4 22. Rd1 f6 23. h4 e5 24. g4 Bxg4 25. Kg2 Rfc8 26. Rb7 Rxa2 27. Rxb6 Re2 28. Ng3 Rxf2+ 29. Kxf2 Bc5+ 30. Kg2 Bxb6
31. Rd6 Rc2+ 32. Rd2 Bxf3+
0-1

[Event "2011 SC Site Championship, Pre Round, Round 1"]
[Site "SchemingMind.com"]
[Date "2010.11.06"]
[Round "1"]
[White "mikewharvey"]
[Black "CenturyBugs"]
[Result "0-1"]
[WhiteCountry "GBR"]
[BlackCountry "ENG"]
[WhiteElo "1826"]
[WhiteRD "97"]
[BlackElo "2102"]
[BlackRD "93"]
[GameID "265988"]

1. c4 e5 2. Nc3 Nf6 3. g3 c6 4. Bg2 d5 5. cxd5 cxd5 6. d3 d4 7. Nb5 Qa5+ 8. Bd2 Qxb5 9. Qc1 Nc6 10. Nf3 Bd7
11. O-O Rc8 12. a3 h6 13. Qd1 Qxb2 14. Rb1 Qxa3 15. Rxb7 Bd6 16. Rb3 Qa4 17. Rb1 Qxd1 18. Rfxd1 O-O 19. e3 a5 20. Rb6 dxe3
21. fxe3 Rb8 22. Ra6 Ra8 23. Rxa8 Rxa8 24. Ne1 a4 25. Ra1 a3 26. Bc3 Rb8 27. Bf1 Nd5 28. Bd2 Bc5 29. Nc2 Rb2 30. Nxa3 Rxd2
31. Nc4 Bxe3+ 32. Kh1 Rc2 33. Bg2 Be6 34. Be4 f5 35. Nxe3 Nxe3
0-1

[Event "2011 SC Site Championship, Pre Round, Round 1"]
[Site "SchemingMind.com"]
[Date "2010.11.07"]
[Round "1"]
[White "Milan"]
[Black "Raimondi"]
[Result "1/2-1/2"]
[WhiteCountry "CZE"]
[BlackCountry "PER"]
[WhiteElo "1835"]
[WhiteRD "74"]
[BlackElo "1659"]
[BlackRD "87"]
[GameID "265989"]

1. d4 d5 2. Nf3 Nf6 3. e3 c6 4. c4 e6 5. Nc3 Nbd7 6. cxd5 exd5 7. Be2 Bd6 8. O-O O-O 9. a3 Ng4 10. h3 Nh6
11. b4 a6 12. Bb2 f5 13. Na4 Nf6 14. Rc1 Ne4 15. Nc5 f4 16. exf4 Bxf4 17. Ra1 Rb8 18. Bc1 Nxc5 19. dxc5 Qf6 20. Bxf4 Qxf4
21. Qd4 Qxd4 22. Nxd4 Nf5 23. Nxf5 Bxf5 24. Rad1 Bc2 25. Rd2 Ba4 26. Bd3 Bb5 27. Bxb5 axb5 28. Re1 Rfe8 29. Rde2 Rxe2 30. Rxe2 Kf7
31. Kf1 Ra8 32. Re3 Re8 33. Rf3+ Kg8 34. Rd3 Re4 35. f3 Re5 36. Kf2 Kf7 37. Rd4 h6 38. g3 g5 39. h4 Kf6 40. hxg5+ hxg5
41. Rg4 Kf5 42. Rxg5+=
1/2-1/2

[Event "2011 SC Site Championship, Pre Round, Round 1"]
[Site "SchemingMind.com"]
[Date "2010.11.10"]
[Round "1"]
[White "Mitchell-in"]
[Black "thebirdolux"]
[Result "0-1"]
[WhiteCountry "ENG"]
[BlackCountry "USA"]
[WhiteElo "1876"]
[WhiteRD "74"]
[BlackElo "2431"]
[BlackRD "85"]
[GameID "265990"]

1. e4 c5 2. Nc3 Nc6 3. f4 g6 4. Nf3 Bg7 5. Bb5 Nd4 6. O-O Nxb5 7. Nxb5 Qb6 8. a4 Nf6 9. Nc3 d6 10. d3 O-O
11. Qe1 Bd7 12. Qh4 c4+ 13. d4 Rfe8 14. Kh1 Qa5 15. Bd2 Qh5 16. Qg3 Rad8 17. e5 Ng4 18. Kg1 dxe5 19. fxe5 Bc6 20. h3 Nxe5
21. Nxe5 Bxe5 22. dxe5 Rxd2 23. Rf2 Rxf2 24. Qxf2 Qxe5 25. Rf1 f6 26. Qxa7 Rd8 27. Qf2 Qg5 28. Qe2 Rd2 29. Qxc4+ Bd5 30. Qc8+ Kg7
0-1

[Event "2011 SC Site Championship, Pre Round, Round 1"]
[Site "SchemingMind.com"]
[Date "2010.11.08"]
[Round "1"]
[White "mochiron"]
[Black "sdreichert"]
[Result "0-1"]
[WhiteCountry "JPN"]
[BlackCountry "USA"]
[WhiteElo "1470"]
[WhiteRD "66"]
[BlackElo "1492"]
[BlackRD "90"]
[GameID "265991"]

1. c4 e5 2. Nc3 Nc6 3. e4 Bc5 4. Nf3 d6 5. d3 Bg4 6. Be2 Nf6 7. O-O O-O 8. Nd5 Bxf3 9. Bxf3 h6 10. a3 a6
11. Nxf6+ Qxf6 12. b4 Ba7 13. Bb2 Nd4 14. Bxd4 Bxd4 15. Rb1 Rfe8 16. c5 dxc5 17. bxc5 Bxc5 18. Rxb7 Bb6 19. d4 Qc6 20. Rxb6 cxb6
21. dxe5 Rad8 22. Qe2 Qa4 23. Bh5 Rxe5 24. Qf3 g6 25. Bg4 h5 26. Bh3 Qxe4 27. Qf6 Rde8 28. g3 Qb7 29. Bg2 Qc7 30. Qf4 Qe7
31. a4 Re1 32. g4 Rxf1+ 33. Bxf1 Qh4 34. Bxa6 Re1+ 35. Kg2 Qxg4+ 36. Qxg4 hxg4 37. h3 gxh3+ 38. Kxh3 f6 39. Bc4+ Kg7 40. Kg3 f5
41. f4 Kf6 42. Kf2 Re4 43. Bb5 Rxf4+ 44. Ke3 Rb4 45. Kf3 g5 46. Bc6 g4+ 47. Kg3 Kg5
0-1

[Event "2011 SC Site Championship, Pre Round, Round 1"]
[Site "SchemingMind.com"]
[Date "2010.11.08"]
[Round "1"]
[White "Number34"]
[Black "Aadsje"]
[Result "1-0"]
[WhiteCountry "USA"]
[BlackCountry "NED"]
[WhiteElo "2358"]
[WhiteRD "73"]
[BlackElo "2024"]
[BlackRD "72"]
[GameID "265992"]

1. e4 Nc6 2. Nf3 e5 3. Bb5 Nf6 4. O-O Bc5 5. c3 O-O 6. d4 Bb6 7. Bg5 h6 8. Bh4 d6 9. Qd3 Bd7 10. Nbd2 g5
11. Bxc6 Bxc6 12. Nxg5 hxg5 13. Bxg5 Kg7 14. a4 a6 15. Nc4 Ba7 16. dxe5 dxe5 17. Qf3 Rh8 18. Ne3 Bxe4 19. Bxf6+ Qxf6 20. Qxe4 Qf4
21. Qxf4 exf4 22. Nd5 f3 23. g3 c6 24. Nf4 Rae8 25. h4 Bb8 26. Nh3 Re2 27. Ng5 Rxb2 28. Rab1 Rxb1 29. Rxb1 b5 30. Nxf3 Rh5
31. axb5 cxb5 32. Nd4 Be5 33. Ra1 Bxd4 34. cxd4 Rh6 35. Kf1 Re6 36. d5 Rd6 37. Ke2 Kf6 38. Ke3 Ke5 39. Rd1 a5 40. f4+ Kf6
41. Kd4 b4 42. Kc4 Ke7 43. Re1+ Kf6 44. Ra1 Ra6 45. g4 Ra8 46. Kb3 Ke7 47. h5 Kd6 48. Kc4
1-0

[Event "2011 SC Site Championship, Pre Round, Round 1"]
[Site "SchemingMind.com"]
[Date "2010.11.11"]
[Round "1"]
[White "Nut"]
[Black "Orhany24"]
[Result "1-0"]
[WhiteCountry "USA"]
[BlackCountry "TUR"]
[WhiteElo "2075"]
[WhiteRD "81"]
[BlackElo "1714"]
[BlackRD "63"]
[GameID "265993"]

1. e4 e5 2. Nf3 Nc6 3. Bb5 a6 4. Ba4 Nf6 5. O-O Be7 6. Re1 b5 7. Bb3 O-O 8. c3 d5 9. exd5 Nxd5 10. Nxe5 Nxe5
11. Rxe5 c6 12. d3 Bd6 13. Re1 Qh4 14. g3 Qh3 15. Re4 Qf5 16. Nd2 Bd7 17. Nf1 Rae8 18. Ne3 Nxe3 19. Bxe3 c5 20. Bf4 Bxf4
21. Rxf4 Qh3 22. Rh4 Qf5 23. d4 g6 24. Rf4 Qg5 25. dxc5 Bc6 26. Qd6
1-0

[Event "2011 SC Site Championship, Pre Round, Round 1"]
[Site "SchemingMind.com"]
[Date "2010.11.11"]
[Round "1"]
[White "Olli Ylönen"]
[Black "Fiesty 50"]
[Result "0-1"]
[WhiteCountry "FIN"]
[BlackCountry "ENG"]
[WhiteElo "1607"]
[WhiteRD "58"]
[BlackElo "2202"]
[BlackRD "107"]
[GameID "265994"]

1. e4 e6 2. d4 d5 3. exd5 exd5 4. Nf3 Nf6 5. Bd3 Bd6 6. O-O O-O 7. h3 h6 8. Re1 Re8 9. c4 dxc4 10. Bxc4 Nc6
11. Rxe8+ Qxe8 12. Nc3 a6 13. Be3 b5 14. Bf1 Bb7 15. a3 Ne7 16. Ne5 Rd8 17. Ng4 Nxg4 18. Qxg4 f5 19. Qd1 Qf7 20. b4 f4
21. Bd2 f3 22. g3 Nf5 23. g4 Nxd4 24. Be3 Qf6 25. Bxd4 Qf4 26. Bg2 Qh2+ 27. Kf1 Qxg2+ 28. Ke1 Bf4
0-1

[Event "2011 SC Site Championship, Pre Round, Round 1"]
[Site "SchemingMind.com"]
[Date "2010.11.11"]
[Round "1"]
[White "Orange Lion"]
[Black "yoponz"]
[Result "1-0"]
[WhiteCountry "NED"]
[BlackCountry "ENG"]
[WhiteElo "2410"]
[WhiteRD "84"]
[BlackElo "1413"]
[BlackRD "72"]
[GameID "265995"]

1. e4 e5 2. f4 Nc6 3. Nf3 exf4 4. d4 Nf6 5. Nc3 d5 6. exd5 Nxd5 7. Bb5 Nxc3 8. bxc3 a6 9. Bxc6+ bxc6 10. Bxf4 Bg4
11. O-O Bd6 12. Qe1+ Kf8 13. Ne5 Bxe5 14. Bxe5 Qd7 15. Qg3 Rc8 16. h3 Be2 17. Qxg7+ Ke7 18. Qxf7+ Kd8 19. Bf6+
1-0

[Event "2011 SC Site Championship, Pre Round, Round 1"]
[Site "SchemingMind.com"]
[Date "2010.11.06"]
[Round "1"]
[White "Thomas Meehan"]
[Black "pclaxton"]
[Result "1-0"]
[WhiteCountry "ENG"]
[BlackCountry "ENG"]
[WhiteElo "1698"]
[WhiteRD "98"]
[BlackElo "1375"]
[BlackRD "60"]
[GameID "265996"]

1. c4 e6 2. Nc3 Bb4 3. Nf3 Bxc3 4. bxc3 d5 5. cxd5 exd5 6. d4 c6 7. g3 f6 8. Bg2 Ne7 9. O-O O-O 10. Qb3 Bg4
11. Qxb7 Nd7 12. Bf4 Re8 13. Bc7 Qc8 14. Qxc8 Raxc8 15. Bd6 Nf5 16. Bc5 Nxc5 17. dxc5 Rxe2 18. Rfe1 Rc2 19. Rec1 Re2 20. Nd4 Nxd4
21. cxd4 Rf8 22. h3 Bc8 23. a4 h6 24. a5 g5 25. Bf1 Rd2 26. Rd1 Rc2 27. g4 f5 28. f3 Kg7 29. Bd3 Rc3 30. Rd2 f4
31. Re1 Bd7 32. Re7+ Rf7 33. Rxf7+ Kxf7 34. Bf1 Rxf3 35. Kg2 Rg3+ 36. Kh2 Bxg4 37. hxg4 Rxg4 38. Rb2 Rh4+ 39. Kg2 g4 40. Rb7+ Kf6
41. Rxa7 g3 42. Kf3 Rh1 43. Bg2 Rh4 44. a6 Kf5 45. Rg7 Rh5 46. a7 Rg5 47. Rxg5+ Kxg5 48. a8=Q h5 49. Qxc6 h4 50. Qxd5+ Kf6
51. Kxf4 h3 52. Bxh3 Kg6 53. Kg4 Kf6 54. Qe5+ Kg6 55. Qe6+ Kg7 56. Kg5 g2 57. Bxg2 Kf8 58. Qd7 Kg8 59. Kg6 Kf8 60. Qf7#
1-0

[Event "2011 SC Site Championship, Pre Round, Round 1"]
[Site "SchemingMind.com"]
[Date "2010.11.11"]
[Round "1"]
[White "Orhany24"]
[Black "Mekk"]
[Result "1-0"]
[WhiteCountry "TUR"]
[BlackCountry "POL"]
[WhiteElo "1752"]
[WhiteRD "64"]
[BlackElo "1835"]
[BlackRD "99"]
[GameID "265997"]

1. d4 d5 2. c4 c6 3. a3 Nf6 4. Nc3 e6 5. cxd5 exd5 6. Bg5 Nbd7 7. e4 h6 8. Bh4 Qa5 9. b4 Bxb4 10. axb4 Qxb4
11. Qc2 Nxe4 12. Ne2 Nxc3 13. Nxc3 Qxd4 14. Bg3 O-O 15. Be2 Nf6 16. O-O Bg4 17. Bxg4 Qxg4 18. h3 Qd7 19. Rfe1 b5 20. Be5 Ne8
21. Bd4 Nd6 22. Bc5 a5 23. Red1 Rfe8 24. Qd3 Nc4 25. Ra2 a4 26. Qd4 Qf5 27. Nxb5 cxb5 28. Qxd5 Qxd5 29. Rxd5 Re5 30. Rxe5 Rb8
31. Re4 f5 32. Rxc4 bxc4 33. Rxa4 c3 34. Rc4 Rb1+ 35. Kh2 Rc1 36. Bb4 c2 37. f4 Rb1 38. Bd2 Rb2 39. Bc1 Ra2 40. Kg1 Kf7
41. Kf2 Ke6 42. Ke2 g6 43. Kd2 Kd5 44. Rxc2 Ra1 45. Ke3 g5 46. g3 gxf4+ 47. Kxf4 Ke6 48. Re2+ Kf7 49. Bb2 Rf1+ 50. Ke3 Kg6
51. Be5 Rh1 52. h4 Rb1 53. Bf4 Rb4 54. Kf3 Rb6 55. Rd2 Rb3+ 56. Ke2 h5 57. Rd3 Rb2+ 58. Kf3 Rb7 59. Rd6+ Kg7 60. Rh6 Rb3+
61. Kg2 Rb2+ 62. Kh3 Rb4 63. Rxh5 Rb5 64. Rg5+ Kh7 65. h5 Rd5 66. Kh4 Rb5 67. Rg6 Rd5 68. Kg5 Rb5 69. g4 fxg4+ 70. Kxg4 Rd5
71. Rg5 Rd7 72. Rf5 Rg7+ 73. Bg5 Rb7 74. h6 Rb4+ 75. Kh5 Rb7 76. Bf4 Rd7 77. Be5 Ra7 78. Rf8 Rg7 79. Rh8+ Kxh8 80. hxg7+ Kh7
81. Ba1 Kg8 82. Kh6
1-0

[Event "2011 SC Site Championship, Pre Round, Round 1"]
[Site "SchemingMind.com"]
[Date "2010.11.11"]
[Round "1"]
[White "palaciorep"]
[Black "pjl1015"]
[Result "0-1"]
[WhiteCountry "ARG"]
[BlackCountry "USA"]
[WhiteElo "1691"]
[WhiteRD "93"]
[BlackElo "2510"]
[BlackRD "108"]
[GameID "265998"]

1. e4 e5 2. Nf3 Nc6 3. Bc4 Bc5 4. d3 d6 5. Nc3 a6 6. O-O Na5 7. Bb3 Nxb3 8. cxb3 c6 9. h3 Ne7 10. Na4 Ba7
11. Bg5 O-O 12. Nc3 f5 13. exf5 Bxf5 14. Ne2 Bxh3 15. Nh2 Be6 16. Ng3 Qe8 17. Bxe7 Qxe7 18. Ne4 Rf5 19. Nf3 Raf8 20. d4 Rxf3
21. gxf3 d5 22. Ng3 Qh4 23. Re1 Bxd4 24. Qd2 Qxg3+ 25. Kf1 Bh3+ 26. Ke2 Qxf3#
0-1

[Event "2011 SC Site Championship, Pre Round, Round 1"]
[Site "SchemingMind.com"]
[Date "2010.11.11"]
[Round "1"]
[White "PankracyRozumek"]
[Black "memet"]
[Result "0-1"]
[WhiteCountry "POL"]
[BlackCountry "TUR"]
[WhiteElo "1826"]
[WhiteRD "91"]
[BlackElo "1687"]
[BlackRD "74"]
[GameID "265999"]

1. e4 d6 2. d4 e6 3. f4 b6 4. Nf3 Bb7 5. Bd3 g6 6. e5 Bxf3 7. Qxf3 c6 8. c4 dxe5 9. dxe5 Bb4+ 10. Bd2 Bxd2+
11. Nxd2 f5 12. exf6 Nxf6 13. Be4 Nxe4 14. Qxe4 Qf6 15. O-O-O O-O 16. Rhf1 Na6 17. g4 b5 18. g5 Qe7 19. Qxc6 Nb4 20. Qxb5 Nxa2+
21. Kc2 Nb4+ 22. Kb1 Rab8 23. Qa4 Nd3 24. Nb3 Nc5 25. Nxc5 Qxc5 26. Qc2 Rb4 27. b3 Rfb8 28. Rf3 Rxc4 29. Qd2 Qf5+ 30. Kb2 a5
31. Qd3 Qb5 32. Qe2 Kf7 33. Ka2 Ra4+
0-1

[Event "2011 SC Site Championship, Pre Round, Round 1"]
[Site "SchemingMind.com"]
[Date "2010.11.11"]
[Round "1"]
[White "paradox"]
[Black "Ingemar Assarsjö"]
[Result "1-0"]
[WhiteCountry "GER"]
[BlackCountry "SWE"]
[WhiteElo "2132"]
[WhiteRD "120"]
[BlackElo "1806"]
[BlackRD "79"]
[GameID "266000"]

1. Nf3 Nf6 2. g3 d5 3. Bg2 Bf5 4. O-O e6 5. d3 c6 6. Nbd2 Be7 7. Qe1 h6 8. e4 Bh7 9. Qe2 O-O 10. Ne5 Nbd7
11. Nxd7 Nxd7 12. f4 f6 13. Nb3 Nc5 14. Be3 Nxb3 15. axb3 b6 16. f5 exf5 17. exd5 cxd5 18. c4 dxc4 19. bxc4 Rc8 20. Rxa7 Bc5
21. d4 Bb4 22. c5 bxc5 23. dxc5 Kh8 24. Qc4 Bd2 25. Bf2 Ba5 26. Qa4 Bc7 27. Rd1 Qe8 28. Qxe8 Rfxe8 29. Rd7 Be5 30. Rxg7 Bg8
31. b4 Bc3 32. b5 Bc4 33. c6 Bxb5 34. Rh7+ Kg8 35. Bd5+
1-0

[Event "2011 SC Site Championship, Pre Round, Round 1"]
[Site "SchemingMind.com"]
[Date "2010.11.07"]
[Round "1"]
[White "pawngrabber"]
[Black "Spottdrossel"]
[Result "0-1"]
[WhiteCountry "ENG"]
[BlackCountry "GER"]
[WhiteElo "1939"]
[WhiteRD "79"]
[BlackElo "1952"]
[BlackRD "76"]
[GameID "266001"]

1. d4 d5 2. c4 dxc4 3. e4 e5 4. d5 Nf6 5. Nc3 Bc5 6. Bxc4 Ng4 7. Nh3 h6 8. O-O O-O 9. Bd2 Nf6 10. Kh1 Bg4
11. Qb3 Bxh3 12. gxh3 Nbd7 13. Rg1 Bxf2 14. Rg2 Nc5 15. Qc2 Bd4 16. Bxh6 Ne8 17. Ne2 Qf6 18. Bg5 Qd6 19. Rd1 f6 20. Bc1 Rf7
21. Nxd4 exd4 22. Rxd4 Qe5 23. Rd1 Nd6 24. Rdg1 Ncxe4 25. Bh6 Nxc4 26. Bxg7 Qxd5 27. Bxf6+ Ng3+
0-1